=LDR 00000nam 2200000 4500 =001 INLIS000000000062747 =005 20230907081627 =035 ##$$a 0010-0923000004 =007 ta =008 230907################e##########0#ind## =020 ##$$a 978-979-077-671-5 =082 ##$$a 371.1 =084 ##$$a 371.1 ZAI m =100 #$$a Zainal Aqib =245 1#$$a Model-Model media dan strategi pembelajaran kontkstual (Inovatif) /$c Zainal Aqib =260 ##$$a Bandung :$b YRAMA WIDIA,$c 2015 =300 ##$$a 144 Halaman : $b ilustrasi ; $c 20 cm =600 #4$$a Pembelajara =990 ##$$a 09430943